Salta al contenuto

Основы промышленной вентиляции. Определение и исследование аэродинамических параметров воздуховодов на моделях: лабораторный практикум

Кратко изложены основы аэродинамики как в воздуховодах, так и в неограниченных пространствах, описаны аэродинамические установки, на которых выполняются лабораторные работы и исследования, требования к безопасности выполнения работ, методика обработки результатов измерений, цели, задачи и содержание...

Descrizione completa

Salvato in:
Dettagli Bibliografici
Autore principale: Хохлов Н. А.
Natura: Книга
Lingua:Russian
Pubblicazione: Санкт-Петербург СПбГЛТУ 2010
Accesso online:http://e.lanbook.com/books/element.php?pl1_id=45318
https://e.lanbook.com/img/cover/book/45318.jpg
Tags: Aggiungi Tag
Nessun Tag, puoi essere il primo ad aggiungerne! !
LEADER 01843nam0a2200253 i 4500
001 45318
003 RuSpLAN
005 20221220173923.0
008 221220s2010 ru gs 000 0 rus
020 |a 978-5-9239-0272-3 
040 |a RuSpLAN 
041 0 |a rus 
044 |a ru 
080 |a 697.9(076.8) 
245 0 0 |a Основы промышленной вентиляции. Определение и исследование аэродинамических параметров воздуховодов на моделях: лабораторный практикум  |c Хохлов Н. А. 
260 |a Санкт-Петербург  |b СПбГЛТУ  |c 2010 
300 |a 76 с. 
504 |a Библиогр.: доступна в карточке книги, на сайте ЭБС Лань 
520 8 |a Кратко изложены основы аэродинамики как в воздуховодах, так и в неограниченных пространствах, описаны аэродинамические установки, на которых выполняются лабораторные работы и исследования, требования к безопасности выполнения работ, методика обработки результатов измерений, цели, задачи и содержание работ. Практикум предназначен для студентов, обучающихся по специальности 280101. 
521 8 |a Книга из коллекции СПбГЛТУ - Инженерно-технические науки 
100 1 |a Хохлов Н. А. 
856 4 |u http://e.lanbook.com/books/element.php?pl1_id=45318 
856 4 8 |u https://e.lanbook.com/img/cover/book/45318.jpg 
953 |a https://e.lanbook.com/img/cover/book/45318.jpg